000 01391cam a2200385 a 4500
999 _c33641
_d33641
001 .B39714871
003 BAB
005 20260415175804.0
008 080401|2000 spc|||||| 000 ||spa|
017 _aDL B. 26969-2007
_aDL B. 14727-2009
_bBiblioteca de Catalunya
020 _a9788425421242
020 _a9788425426285
029 _a807186958
035 _a9788425421242
035 _a3389-65160
040 _aBAB
_bcat
_dBAB
041 0 _aspa
_ager
080 _a159.94
100 1 _aSchopenhauer, Arthur
_d1788-1860
_9121107
245 1 3 _aEl Arte de ser feliz :
_bexplicado en cincuenta reglas para la vida
_cArthur Schopenhauer ; texto establecido, prefacio y notas Franco Volpi ; traducción y apéndices: Angela Ackermann Pilári
260 _aBarcelona
_bHerder
_c[2000]
300 _a158 pàgines
_c20 cm
336 _atext
_btxt
_2rdacontent
337 _asense mediació
_bn
_2rdamedia
338 _avolum
_bnc
_2rdacarrier
500 _aReimpressions: 2007, 2009
504 _aBibliografia pàgines 155-158. Cronologia
546 _aText en castellà i alemany
546 _aTraducció de:: Die Kunst, glücklich zu Sein
650 0 7 _aFelicitat
_2lemac
_981356
650 0 7 _aFilosofia alemanya
_yS. XIX
_2lemac
_921072
700 1 _aVolpi, Franco
_d1952-
_eed.
_9179638
700 1 _aAckermann, Angela
_etraductor
_9182544
942 _n-
_cLIB
_08
_2udc